000 00871nam a22002057a 4500
999 _c3962
_d3962
003 AR-CdUCM
008 190307b ||||| |||| 00| 0 spa d
040 _aMUNICIPALIDAD PROVINCIAL DEL CUSCO
_cBIBLIOTECA MUNICIPAL DEL CUSCO
082 _a338.1063 /
_bC E
110 _aCurso Taller sobre Comunicación con Campesinos
_912677
245 _aUna experiencia de curso-taller sobre comunicación con campesinos /
260 _aHuancayo :
_bCCTA, Grupo Talpuy,
_c1984
300 _a251 páginas ;
_bfotografías, ilustraciones, desplegable,
_c21 cm.
650 _aComunicación (Desarrollo agrícola)
_912678
650 _aParticipación (Campesinos)
_912679
650 _aCongreso
_912680
710 _aComisión de Coordinación de Tecnología Andina, Grupo de Investigación y Extensión de Tecnología Popular Talpuy.
_912681
942 _2ddc
_cLIBROS
945 _araen